| 000 | 01300nam a2200205Ia 4500 | ||
|---|---|---|---|
| 008 | 220216s9999 xx 000 0 und d | ||
| 100 | _aConroy C | ||
| 245 | 0 | _aImperata cylindrica in smallholder rubber-based farming systems in Indonesia | |
| 260 |
_bIn Brighton crop protection conference : weeds. : Proceedings of an international conference, Brighton, U K, 20-23 November 1995 _c1995 |
||
| 300 | _a163-168 | ||
| 500 | _aSource Year: 1996 | ||
| 520 | _aImperata cylindrica is a major problem weed for smallholder rubber producers in Indonesia as it is difficult to clear, very competitive with young rubber trees [Hevea brasiliensis] and highly combustible in the dry season. Research started in October 1994 showeed that the severity of the problems that it posed varied significantly from one farming system to another. There was also considerable variation in the nature of the control measures used. In some areas most smallholders relied entirely on manual control, but in the Batumarta transmigration area nearly all of them used glyphosate, although in ways that differ from recommeded practice. | ||
| 650 | _aHevea brasiliensis | ||
| 650 | _aImperata cylindrica | ||
| 650 | _aIndonesia | ||
| 650 | _aWeed control | ||
| 700 | _aBahnall-Oakeley H | ||
| 856 | _uHOA | ||
| 942 | _cJS | ||
| 999 |
_c60791 _d60791 |
||